000 00647nam a2200217Ii 4500
003 JO-AjNU
008 230605s9999||||xx |||||||||||||| ||und||
017 _a1981/3005
020 _a1977-256-449-1
040 _aJO-AjNU
_bara
_erda
_cJO-AjNU
041 _aara
050 1 4 _aHD37.A7.S5234.1981
100 3 _aعبدالله، شوقي حسين,
_eauthor
_938425
245 0 0 _aاصول الادارة
264 3 1 _aالقاهرة:دار النهضة العربية،1981
300 _a502ص
336 _atext
_btxt
_2rdacontent
337 _aunmediated
_bn
_2rdamedia
338 _avolume
_bnc
_2rdacarrier
650 4 _aالادارة
_938426
999 _aA16143
_c19711
_d19711